书目信息 |
| 题名: |
乐理教程
|
|
| 作者: | 张巍 , 吴雪凌 编著 | |
| 分册: | ||
| 出版信息: | 武汉 武汉测绘科技大学出版社 1999.02 |
|
| 页数: | 221页 | |
| 开本: | 32开 | |
| 丛书名: | ||
| 单 册: | ||
| 中图分类: | J613-43 | |
| 科图分类: | ||
| 主题词: | 音乐--技术--理论 , 音乐--技术--方法 | |
| 电子资源: | ||
| ISBN: | 7-81030-624-3 | |
| 000 | 00629nam0 2200217 45 | |
| 001 | 0009061983 | |
| 005 | 20000906191323.4 | |
| 010 | @a7-81030-624-3@d12.00元 | |
| 100 | @a20000906d1999 km y0chiy0120 ea | |
| 101 | 0 | @achi |
| 105 | @a z 000yy | |
| 200 | 1 | @a乐理教程@AYue Li Jiao Cheng@f张巍,吴雪凌编著@FZhang Wei,Wu Xue Ling Bian Zhu |
| 210 | @a武汉@c武汉测绘科技大学出版社@d1999.02 | |
| 215 | @a221页@d32开 | |
| 606 | 0 | @a音乐@x技术@x理论 |
| 606 | 0 | @a音乐@x技术@x方法 |
| 690 | @aJ613-43@v3 | |
| 701 | 0 | @a张巍@4编著 |
| 701 | 0 | @a吴雪凌@4编著 |
| 801 | @aCN@bPftUser@c20000906 | |
| 905 | @b123649-653@dJ613-43@eZH.125@f5 | |
| 乐理教程/张巍,吴雪凌编著.-武汉:武汉测绘科技大学出版社,1999.02 |
| 221页;32开 |
| ISBN 7-81030-624-3:12.00元 |
| ● |
| 相关链接 |
|
|
|
正题名:乐理教程
索取号:J613-43/ZH.125
 
预约/预借
| 序号 | 登录号 | 条形码 | 馆藏地/架位号 | 状态 | 备注 |
| 1 | 123649 | 201236493 | 社科库309/309社科库 92排1列6层/ [索取号:J613-43/ZH.125] | 在馆 | |
| 2 | 123650 | 201236509 | 社科库309/309社科库 92排1列6层/ [索取号:J613-43/ZH.125] | 在馆 | |
| 3 | 123651 | 201236518 | 社科库309/309社科库 92排1列6层/ [索取号:J613-43/ZH.125] | 在馆 | |
| 4 | 123652 | 201236527 | 社科库309/309社科库 92排1列6层/ [索取号:J613-43/ZH.125] | 在馆 | |
| 5 | 123653 | 201236536 | 社科库309/ [索取号:J613-43/ZH.125] | 在馆 |